| 000 | 00809nam a22001577a 4500 | ||
|---|---|---|---|
| 003 | LRUA | ||
| 005 | 20200127145747.0 | ||
| 008 | 200127b xxu||||| |||| 00| 0 eng d | ||
| 040 | _cRUA | ||
| 082 | _aAED CHE 2018 B657 Or.1 | ||
| 100 |
_914137 _aCHEA NIMOL ជា និមល់ |
||
| 245 | _athe study on economic efficiency of household dry season rice production in svay yea commune, svay chrum district, svay rieng province ការសិក្សារអំពីប្រសិទ្ធភាពសេដ្ឋកិច្ចនៃផលិតកម្មស្រូវប្រាំងនៅឃុំស្វាយយា ស្រុកស្វាយជ្រុំ ខេត្តស្វាយរៀង | ||
| 260 |
_aRUA _bPhnom penh _c2018 |
||
| 300 |
_ax;50p _bill; _c29cm |
||
| 942 |
_2ddc _cAED |
||
| 999 |
_c18814 _d18814 |
||